000 02320cam a2200301 i 4500
001 16734
003 DO-SdUEMH
005 20251223211308.0
007 ta
008 211105s2001 dr a|||fr|||| 000 0 spa|d
020 _a9275323836
040 _aDO-SdUEMH
_bspa
_erda
041 _aspa
082 0 4 _a155.943 O686M
_bO686m
_mRD
084 _b14-00065
110 _aOrganización Panamericana de la Salud OPS
245 1 0 _aModelos de psicología comunitaria para la promoción de la salud y prevención de enfermedades en las Américas /
_cClaudio T. Miranda
260 _c2001
264 0 1 _aSanto Domingo, República Dominicana :
_bOrganización Panamericana de la Salud OPS ,
_c2001
300 _aviii, 212 paginas :
_bIlustraciones ;
_c25 cm
336 _2rdacontent
_atexto
_btxt
337 _2rdamedia
_asin mediación
_bn
338 _2rdacarrier
_avolumen
_bnc
504 _aBibliografías en paginas 209-210
505 1 _aMarco conceptual Un modelo de promoción de la salud y desarrollo comunitario -- Intervenciones tempranas Crecimiento supervivencia y desarrollo infantil una aproximación en colaboración para mejorar la calidad de vida -- Participación de la comunidad en un programa de vigilancia del crecimiento en Honduras -- Salud de los adolescentes Un programa de educación para la vida familiar la salud y la sexualidad dirigido a los adolescentes -- El problema del maltrato infantil en Colombia de la teoría a la práctica -- Salud del adulto Un método para la reducción del riesgo del SIDA entre los adultos jóvenes que usan cocaína en Brasil -- Las relaciones de poder y la prevención del VIH SIDA una intervención investigación entre mujeres puertorriqueñas -- Salud y medio ambiente Salud trabajo y medio ambiente un estudio de casos de los esfuerzos de una comunidad para reducir la contaminación ambiental -- Salud y trabajo un estudio de casos de un esfuerzo de organización por empleados encargados de la entrada de datos -- Promoción de la salud y participación comunitaria para el control de la enfermedad de Chagas -- De la epidemiología a la endoepidemiología la investigación epidemiológica en el trabajo comunitario -- Consideraciones éticas Algunas reflexiones sobre las bases éticas de la psicología comunitaria.
942 _2ddc
_cBK
_n0
999 _c16734
_d16734